000 00674nam a22002297a 4500
999 _c458965
_d458965
001 216216951
003 UA-OsUOA
005 20200423104800.0
008 200423b un ||||| |||| 00| 0 ukr d
040 _aUA-OsUOA
_bukr
_cUA-OsUOA
_dUA-OsUOA
041 _aukr
080 _a821.161.1
090 _a821.161.1
_bР67
100 _aРоллан Р
245 _aСобрание сочинений в четырнадцати томах
_cРомен Роллан
260 _aМосква
_bХудожественная литература
_c1956
300 _a435 с.
505 _gТ.5
_tЖан-Кристоф
650 _2821
942 _2udc
_cBK
955 _a3